Políticas y teorías monetarias en Chile 1810-1925

Kaydedildi:
Detaylı Bibliyografya
Yazar: Millar Carvacho, René Domingo (autor)
Materyal Türü: Kitap
Dil:İspanyolca
Baskı/Yayın Bilgisi: Santiago, Chile Universidad Gabriela Mistral 1994
Seri Bilgileri:Colección Historia Económica de Chile
Konular:
Etiketler: Etiketle
Etiket eklenmemiş, İlk siz ekleyin!

MARC

LEADER 00000nam a2200000 a 4500
001 UCY1852
003 CL-VaPUC
005 20220112163114.0
008 940923e19940000CL |||||||||||||||||spa|d
999 |c 230434  |d 230432 
040 |c Pontificia Universidad Católica de Valparaíso 
082 0 4 |a 330.9 MIL 1994  |2 21 
100 |a Millar Carvacho, René Domingo  |e autor  |9 865746 
245 1 0 |a Políticas y teorías monetarias en Chile 1810-1925 
260 |a Santiago, Chile  |b Universidad Gabriela Mistral  |c 1994 
300 |a 454 páginas 
490 0 |a Colección Historia Económica de Chile 
583 |a last modification  |c 19940923 00:00:00  |k Rodrigo Vera 
650 7 |a POLITICA MONETARIA  |2 CL-VaPUC  |9 329903  |x HISTORIA DE CHILE 
852 |a BIBCUR 
942 |c BK  |2 ddc 
945 |d 19940923 00:00:00  |a oaravena 
952 |0 0  |1 0  |2 ddc  |4 0  |6 330_900000000000000_MIL_1994  |7 0  |8 A  |9 232699  |a BIBHIS  |b BIBHIS  |d 2019-11-15  |i 3019624  |l 1  |o 330.9 MIL 1994  |p 3019624  |r 2025-01-20  |s 2023-07-04  |t 1  |w 2019-11-15  |y BK  |k HIS